书目信息 |
| 题名: |
圣经旧约东方解
|
|
| 作者: | 董子竹 著 | |
| 分册: | ||
| 出版信息: | 武汉 湖北人民出版社 2007.09 |
|
| 页数: | 281页 | |
| 开本: | 24cm | |
| 丛书名: | ||
| 单 册: | ||
| 中图分类: | B971.1 | |
| 科图分类: | ||
| 主题词: | ||
| 电子资源: | ||
| ISBN: | 978-7-216-05137-8 | |
| 000 | 00753nam0 2200229 450 | |
| 001 | 012008862151 | |
| 005 | 20080421103406.95 | |
| 010 | @a978-7-216-05137-8@dCNY32.50 | |
| 100 | @a20080419d2007 em y0chiy0120 ea | |
| 101 | 0 | @achi |
| 102 | @aCN@b420000 | |
| 105 | @ay z 000yy | |
| 106 | @ar | |
| 200 | 1 | @a圣经旧约东方解@Asheng jing jiu yue dong fang jie@f董子竹著@Fdong zi zhu zhu |
| 210 | @a武汉@c湖北人民出版社@d2007.09 | |
| 215 | @a281页@d24cm | |
| 330 | @a本书依中国基督教三自爱国运动委员会、中国基督教协会2000年出版的新标准修订版简化字和合本所标示的章节号逐段阐解。 | |
| 605 | @a圣经@Asheng jing@x基本知识 | |
| 690 | @aB971.1@v4 | |
| 701 | 0 | @a董子竹@Adong zi zhu@4著 |
| 801 | 0 | @aCN@bQSSK@c20080421 |
| 905 | @b293526-28@dB971.1@eD759@f3 | |
| 圣经旧约东方解/董子竹著.-武汉:湖北人民出版社,2007.09 |
| 281页;24cm |
| ISBN 978-7-216-05137-8:CNY32.50 |
| 本书依中国基督教三自爱国运动委员会、中国基督教协会2000年出版的新标准修订版简化字和合本所标示的章节号逐段阐解。 |
| ● |
| 相关链接 |
|
|
|
正题名:圣经旧约东方解
索取号:B971.1/D759
 
预约/预借
| 序号 | 登录号 | 条形码 | 馆藏地/架位号 | 状态 | 备注 |
| 1 | 293526 | 202935262 | 自科二线400A/400A自科库 13排2列2层/ [索取号:B971.1/D759] | 在馆 | |
| 2 | 293527 | 202935271 | 自科二线400A/400A自科库 11排3列3层/ [索取号:B971.1/D759] | 在馆 | |
| 3 | 293528 | 202935280 | 自科二线400A/400A自科库 11排3列3层/ [索取号:B971.1/D759] | 在馆 |